000 00669nam a22002417a 4500
003 URS
005 20250828100506.0
008 250317b ||||| |||| 00| 0 eng d
020 _a9780073381497
040 _cURS
050 _aHD58.7
_b.N479 2011
100 1 _94662
_aNewstrom, John W.
245 _aOrganizational Behavior
_bHuman Behavior at Work
250 _a13th Edition
264 _aBoston
_bMcGraw-Hill
_c©2011
300 _a554 pages.,:
_c26 cm.
336 _2rdacontent
_atext
337 _2rdamedia
_aunmediated
338 _2rdacarrier
_avolume
650 0 _91723
_aOrganizational behavior
650 0 _94663
_aIndustrial sociology
942 _2lcc
_cR
999 _c84937
_d84935